000 00577nam a2200217Ia 4500
003 OSt
005 20221007083012.0
006 a|||||r|||| 00| 0
007 ta
008 221006b |||||||| |||| 00| 0 eng d
024 _a45,723
037 _cDissertations
040 _aFLL
_cFLL
_beng
041 _2eng
_aeng
100 _aSWETANKA
_9700048
245 0 _aGoods and services tax vis-a-vis the federal principle enshrined in the constitution of India
260 _c2018
300 _a103p.
_ccm.
942 _cDIS
_2CC
999 _c1168465
_d1168465